| 000 | 01013nam a2200265Ia 4500 | ||
|---|---|---|---|
| 003 | OSt | ||
| 005 | 20221005111812.0 | ||
| 006 | a|||||r|||| 00| 0 | ||
| 007 | ta | ||
| 008 | 221004b |||||||| |||| 00| 0 hin d | ||
| 020 |
_a9789381720820 (hbk) _c600 |
||
| 024 | _a16756 | ||
| 037 |
_b87, 09/02/2015, Mallika Books _cTextual |
||
| 040 |
_aCRL _cCRL _bhin |
||
| 041 |
_2hin _ahin |
||
| 082 | _aO152,2M80:g(Y16), Q4 | ||
| 100 | _aसाहु, रामेश्वर | ||
| 245 | 0 | _aजयशंकर प्रसाद के नाटकों के पुरूष पात्र | |
| 246 | _aJayashankar prasād ke nāṭakoan ke purūṣh pātra | ||
| 260 |
_aरॉंची _bझारखण्ड झरोखा भारत _c2014 |
||
| 300 |
_a280पृ0 _ccm. |
||
| 650 | _aहिन्दी साहित्य | ||
| 942 |
_hO152,2M80:g(Y16), Q4 _cTEXL _2cc |
||
| 999 |
_c1022951 _d1022951 |
||